La controverse de 1270 a l'Universite de París et son retentissement sur la pensée de S. Thomas d'Aquin
Gorde:
| Egile nagusia: | |
|---|---|
| Formatua: | Liburua |
| Hizkuntza: | frantsesa |
| Argitaratua: |
París
J. Vrin
1970
|
| Saila: | Bibliotheque Thomiste, 50
|
| Gaiak: | |
| Etiketak: |
Etiketa erantsi
Etiketarik gabe, Izan zaitez lehena erregistro honi etiketa jartzen!
|
MARC
| LEADER | 00000nam a2200000 a 4500 | ||
|---|---|---|---|
| 001 | UCP2712 | ||
| 003 | CL-VaPUC | ||
| 008 | 990528e19700000FR |||||||||||||||||fre|d | ||
| 082 | 0 | 4 | |a 189.4 |b WEB |2 21 |
| 100 | 0 | |a Weber, Edouard Henri |e author |9 429662 | |
| 245 | 1 | 3 | |a La controverse de 1270 a l'Universite de París et son retentissement sur la pensée de S. Thomas d'Aquin |
| 300 | |a 327 p | ||
| 942 | |c BK | ||
| 945 | |d 19990528 00:00:00 |a rbrito | ||
| 260 | |a París |b J. Vrin |c 1970 | ||
| 600 | 0 | |a Tomás de Aquino |d 1220-1274 |c Santo |9 255832 | |
| 650 | 0 | |a Escolasticismo |9 264998 | |
| 650 | 0 | |a Tomismo |9 259214 | |
| 583 | |a last modification |c 20121002 11:16:06 |k Rodrigo Vera | ||
| 490 | 0 | |a Bibliotheque Thomiste, 50 | |
| 999 | |c 281211 |d 281209 | ||
| 952 | |0 0 |1 0 |4 0 |6 189_400000000000000_WEB_1970 |7 0 |8 A |9 321891 |a BIBEDU |b BIBEDU |d 2019-11-20 |i 3498557 |o 189.4 WEB 1970 |p 3498557 |r 2019-11-20 |w 2019-11-20 |y BK |k FIL | ||